Is it in Europe? Sudden Death - Statistics

General Stats
  • This quiz has been taken 422 times
  • The average score is 14 of 19
Answers on the Grid
Answers color-coded by a green-red scale on the quiz's grid according to % correct below.
Danube River
Volga River
Euphrates River
the Alps
Andes Mountains
Appalachian Mountains
Lake Ladoga
the Matterhorn
Jutland Peninsula
Loch Ness
Uluru
Thames River
Ibiza
Pyrenees Mountains
Victoria Falls
Rhine River
Majorca
Easter Island
Carpathian Mountains
Mekong River
Isle of Man
Rock of Gibraltar
Scandes Mountains
River Shannon
Lake Huron
Seine River
Kashmir
Corfu
 
Answer Stats
Answer % Correct
the Alps
89%
Loch Ness
84%
Ibiza
82%
Seine River
81%
Thames River
81%
Danube River
77%
Isle of Man
77%
Majorca
77%
Corfu
76%
Rhine River
76%
Rock of Gibraltar
76%
Volga River
73%
Pyrenees Mountains
72%
the Matterhorn
67%
Carpathian Mountains
60%
Jutland Peninsula
58%
River Shannon
56%
Scandes Mountains
51%
Lake Ladoga
48%
No matching quizzes found
Score Distribution
Percent of People with Each Score
Percentile by Number Answered
Your Score History
You have not taken this quiz